Statistics for Beginning with the letter "A"

Click here to take the quiz!

General Stats

  • This quiz has been taken 38 times
  • The average score is 8 of 15

Answer Stats

HintAnswer% Correct
once a prison, now a tourist attraction in San Francisco BayAlcatraz
92%
Name of Disney's Little MermaidAriel
89%
Country with the "Southern Cross" on its flagAustralia
76%
If you get bitten by a poisonous snake, this might save your lifeanti-venom
73%
Greek philosopher born 384 BCAristotle
73%
Name of a Greek God as well as the U.S. lunar programApollo
70%
A popular poison in earlier timesarsenic
70%
A group of islandsarchipelago
62%
Member of the nobilityaristocrat
49%
Greek General who conquered an enormous amount of the known world at that timeAlexander
43%
Built in this city by Shah Jehan as a mausoleum for his wifeAgra
41%
Home of the U.S. Naval AcademyAnnapolis
35%
Capital of MadagascarAntananarivo
27%
One of the tallest groups of peaks in the HimalayasAnnapurna
5%
Remote island in the middle of the South AtlanticAscension
5%

Score Distribution

Percentile by Number Answered

Percent of People with Each Score

Your Score History

You have not taken this quiz